লোডিং...

Black TiO2 nanomaterials for energy applications/

গ্রন্থ-পঞ্জীর বিবরন
অন্যান্য লেখক: Cui, Yi, Ed, Chen, Xiaobo, Ed
বিন্যাস: Printed Book
প্রকাশিত: New Jersey: World scientific, 2017
বিষয়গুলি:
অনলাইন ব্যবহার করুন:https://books.google.co.in/books?id=NBKyDgAAQBAJ&printsec=frontcover&dq=Black+Tio2+Nano+materials+for+energy+applications&hl=en&sa=X&ved=0ahUKEwjEj8-Pt5jZAhUHuY8KHb5oCbcQ6AEIKDAA#v=onepage&q=Black%20Tio2%20Nano%20materials%20for%20energy%20applications&f=false
LEADER 01115cam a2200217 i 4500
999 |c 155773  |d 155769 
020 |a 9781786341655 (hc : alk. paper) 
082 0 0 |a 621.302 84  |b Q7 
245 1 0 |a Black TiO2 nanomaterials for energy applications/  |c edited by Xiaobo Chen and Yi Cui.  
260 |a New Jersey:  |b World scientific,  |c 2017 
300 |a xix, 309 pages:  |b illustrations, colored; 
504 |a Includes bibliographical references. 
650 0 |a Fuel cells.  |9 71428 
650 0 |a Titanium dioxide.  |9 71429 
650 0 |a Nanostructured materials.  |9 71430 
650 0 |a Hydrolysis.  |9 71431 
700 1 |a Cui, Yi, Ed.  |9 71432 
700 1 |a Chen, Xiaobo, Ed.  |9 71433 
856 |u https://books.google.co.in/books?id=NBKyDgAAQBAJ&printsec=frontcover&dq=Black+Tio2+Nano+materials+for+energy+applications&hl=en&sa=X&ved=0ahUKEwjEj8-Pt5jZAhUHuY8KHb5oCbcQ6AEIKDAA#v=onepage&q=Black%20Tio2%20Nano%20materials%20for%20energy%20applications&f=false 
942 |c BK 
952 |0 0  |1 0  |4 0  |6 621_302000000000000_84_Q7  |7 0  |9 154198  |a MGUL  |b MGUL  |c GEN  |d 2017-11-23  |e Calicut Book Distributors  |g 6113.88  |l 0  |o 621.302 84 Q7  |p 57544  |r 2017-11-23  |w 2017-11-23  |y BK